Wonder Book of Quatation : (Record no. 9305)

MARC details
000 -LEADER
fixed length control field 00537nam a22001817a 4500
003 - CONTROL NUMBER IDENTIFIER
control field OSt
005 - DATE AND TIME OF LATEST TRANSACTION
control field 20260330073641.0
008 - FIXED-LENGTH DATA ELEMENTS--GENERAL INFORMATION
fixed length control field 260330b |||||||| |||| 00| 0 eng d
020 ## - INTERNATIONAL STANDARD BOOK NUMBER
International Standard Book Number 9789719209959
040 ## - CATALOGING SOURCE
Original cataloging agency DWCL GS lib
Transcribing agency OC
082 ## - DEWEY DECIMAL CLASSIFICATION NUMBER
Classification number Res.(Fil.) 808.882 Y25w 2006
100 ## - MAIN ENTRY--PERSONAL NAME
Personal name Yap, Riccah
245 ## - TITLE STATEMENT
Title Wonder Book of Quatation :
Remainder of title A Book that inspires and enlighten /
Statement of responsibility, etc. Riccah Yap
260 ## - PUBLICATION, DISTRIBUTION, ETC.
Place of publication, distribution, etc. Manila
Name of publisher, distributor, etc. Palinsad General MDSE.
Date of publication, distribution, etc. c2006.
300 ## - PHYSICAL DESCRIPTION
Extent 100 pages:
Dimensions 12cm.
546 ## - LANGUAGE NOTE
Language note English
942 ## - ADDED ENTRY ELEMENTS (KOHA)
Source of classification or shelving scheme Dewey Decimal Classification
Koha item type Book- Reserved
Classification part Res.
Suppress in OPAC No
952 ## - LOCATION AND ITEM INFORMATION (KOHA)
--
952 ## - LOCATION AND ITEM INFORMATION (KOHA)
--
952 ## - LOCATION AND ITEM INFORMATION (KOHA)
--
952 ## - LOCATION AND ITEM INFORMATION (KOHA)
--
952 ## - LOCATION AND ITEM INFORMATION (KOHA)
--
952 ## - LOCATION AND ITEM INFORMATION (KOHA)
--
952 ## - LOCATION AND ITEM INFORMATION (KOHA)
--
952 ## - LOCATION AND ITEM INFORMATION (KOHA)
--
952 ## - LOCATION AND ITEM INFORMATION (KOHA)
--
952 ## - LOCATION AND ITEM INFORMATION (KOHA)
--
952 ## - LOCATION AND ITEM INFORMATION (KOHA)
--
Holdings
Withdrawn status Lost status Source of classification or shelving scheme Damaged status Not for loan Home library Current library Shelving location Date acquired Total Checkouts Full call number Barcode Date last seen Copy number Price effective from Koha item type Uniform Resource Identifier Source of acquisition
    Dewey Decimal Classification     Grade School Library Grade School Library Reserved 03/30/2026   Res.(Fil.) 808.882 Y25w 2006 19587 03/30/2026 c1 03/30/2026 BK-0 CIRC  
    Dewey Decimal Classification     Grade School Library Grade School Library Reserved 03/30/2026   Res.(Fil.) 808.882 Y25w 2006 19588 03/30/2026 c2 03/30/2026 BK-0 CIRC  
    Dewey Decimal Classification     Grade School Library Grade School Library Reserved 03/30/2026   Res.(Fil.) 808.882 Y25w 2006 19859 03/30/2026 c3 03/30/2026 BK-0 CIRC  
    Dewey Decimal Classification     Grade School Library Grade School Library Reserved 03/30/2026   Res.(Fil.) 808.882 Y25w 2006 19590 03/30/2026 c4 03/30/2026 BK-0 CIRC  
    Dewey Decimal Classification     Grade School Library Grade School Library Reserved 03/30/2026   Res.(Fil.) 808.882 Y25w 2006 19591 03/30/2026 c4 03/30/2026 BK-0 CIRC  
    Dewey Decimal Classification     Grade School Library Grade School Library Reserved 03/30/2026   Res.(Fil.) 808.882 Y25w 2006 19592 03/30/2026 c5 03/30/2026 BK-0 CIRC School Fund, Donation
    Dewey Decimal Classification     Grade School Library Grade School Library Reserved 03/30/2026   Res.(Fil.) 808.882 Y25w 2006 19593 03/30/2026 c6 03/30/2026 BK-0 CIRC School Fund, Donation
    Dewey Decimal Classification     Grade School Library Grade School Library Reserved 03/30/2026   Res.(Fil.) 808.882 Y25w 2006 19594 03/30/2026 c7 03/30/2026 BK-0 CIRC School Fund, Donation
    Dewey Decimal Classification     Grade School Library Grade School Library Reserved 03/30/2026   Res.(Fil.) 808.882 Y25w 2006 19595 03/30/2026 c8 03/30/2026 BK-0 CIRC School Fund, Donation
    Dewey Decimal Classification     Grade School Library Grade School Library Reserved 03/30/2026   Res.(Fil.) 808.882 Y25w 2006 19586 03/30/2026 c9 03/30/2026 BK-0 CIRC School Fund, Donation
    Dewey Decimal Classification     Grade School Library Grade School Library Reserved 03/30/2026   Res.(Fil.) 808.882 Y25w 2006 195876 03/30/2026 c10 03/30/2026 BK-0 CIRC School Fund, Donation